000 00299nam a2200121 i 4500
001 bg
245 0 _aIssledovanija po fizyke vysokich energii i elementarnych častič.
260 _aAłma-Ata,
_c1963.
040 _cBPK
041 _apol
942 _cKS
008 s pl f |000 0 pol
999 _c12657
_d12657
856 _uhttp://koha.tu.koszalin.pl/cgi-bin/koha/opac-detail.pl?biblionumber=12657
_yKatalog online BPK